[Event "Online Olym Div3 A"]
[Site "Chess.com INT"]
[Date "2020.08.09"]
[Round "9.2"]
[White "Veleshnja, Zino"]
[Black "Kwong, Wing Ki"]
[Result "1-0"]
[WhiteElo "2287"]
[BlackElo "1876"]
[PlyCount "61"]
[EventDate "2020.08.07"]
[EventType "team-tourn (rapid)"]
[EventRounds "9"]
[EventCountry "USA"]
[SourceTitle "CBM 198"]
[Source "ChessBase"]
[SourceDate "2020.10.31"]
[SourceVersion "1"]
[SourceVersionDate "2020.10.31"]
[SourceQuality "1"]
[WhiteTeam "Albania"]
[BlackTeam "Hong Kong"]
[WhiteTeamCountry "ALB"]
[BlackTeamCountry "HKG"]

1. d4 Nf6 2. Bf4 g6 3. Nc3 Bg7 4. e4 0-0 5. Qd2 d5 6. e5 Ne4 7. Nxe4 dxe4 8. Bc4 c5 9. c3 Nc6 10. Ne2 cxd4 11. cxd4 Bg4 12. 0-0 Rc8 13. Rac1 Na5 14. Bb5 Rxc1 15. Nxc1 a6 16. Be2 Be6 17. Rd1 Qd5 18. f3 Bf5 19. Qe3 Rd8 20. g4 Be6 21. fxe4 Qd7 22. d5 Bxg4 23. e6 Bxe6 24. dxe6 Qc8 25. exf7+ Kxf7 26. Rxd8 Qxd8 27. Qf3 Kg8 28. Qd3 Qb6+ 29. Be3 Qxb2 30. Qd8+ Kf7 31. Qxa5 1-0

[Event "Online Olym Div3 A"]
[Site "Chess.com INT"]
[Date "2020.08.07"]
[Round "2.1"]
[White "Cuttoli, Alexandre"]
[Black "Veleshnja, Zino"]
[Result "0-1"]
[WhiteElo "2044"]
[BlackElo "2287"]
[PlyCount "96"]
[EventDate "2020.08.07"]
[EventType "team-tourn (rapid)"]
[EventRounds "9"]
[EventCountry "USA"]
[SourceTitle "CBM 198"]
[Source "ChessBase"]
[SourceDate "2020.10.31"]
[SourceVersion "1"]
[SourceVersionDate "2020.10.31"]
[SourceQuality "1"]
[WhiteTeam "Monaco"]
[BlackTeam "Albania"]
[WhiteTeamCountry "MNC"]
[BlackTeamCountry "ALB"]

1. d4 Nf6 2. c4 g6 3. Nc3 Bg7 4. e4 d6 5. Nf3 0-0 6. Be2 e5 7. 0-0 Nc6 8. d5 Ne7 9. Nd2 a5 10. Rb1 Ne8 11. a3 f5 12. b4 axb4 13. axb4 Nf6 14. f3 f4 15. c5 g5 16. Nc4 h5 17. Nb5 Bd7 18. Nxc7 Qxc7 19. cxd6 Qd8 20. dxe7 Qxe7 21. d6 Qe8 22. Bb2 g4 23. Nxe5 g3 24. Nxd7 gxh2+ 25. Kh1 Nxd7 26. Bxg7 Kxg7 27. Bb5 Rf6 28. e5 Qxe5 29. Bxd7 Rxd6 30. Qc2 Rxd7 31. Rfe1 Qf6 32. Qc4 Rad8 33. Qe4 b6 34. Rbc1 h4 35. Rc6 Rd6 36. Rc7+ R6d7 37. Qb7 Qd6 38. Rxd7+ Rxd7 39. Qe4 Qf6 40. Kxh2 Rf7 41. Qc4 Qg6 42. Qd4+ Kh7 43. Qd5 Qg3+ 44. Kg1 Qxe1+ 45. Kh2 Qg3+ 46. Kg1 Qg6 47. Kh2 Re7 48. Qd2 Qg3+ 0-1

[Event "EU-ch U18"]
[Site "Bratislava"]
[Date "2019.08.07"]
[Round "6"]
[White "Veleshnja, Zino"]
[Black "Mitsis, Georgios"]
[Result "0-1"]
[WhiteElo "2183"]
[BlackElo "2392"]
[PlyCount "80"]
[EventDate "2019.08.02"]
[EventType "swiss"]
[EventRounds "9"]
[EventCountry "SVK"]
[SourceTitle "CBM 191 Extra"]
[Source "ChessBase"]
[SourceDate "2019.09.30"]
[SourceVersion "1"]
[SourceVersionDate "2019.09.30"]
[SourceQuality "1"]

1. d4 Nf6 2. c4 e6 3. g3 c5 4. Nf3 cxd4 5. Nxd4 Nc6 6. Bg2 Qb6 7. Nb3 Ne5 8. Qc2 d6 9. 0-0 Be7 10. Bf4 Ng6 11. Be3 Qc7 12. Na3 a6 13. Rfd1 0-0 14. Rac1 Bd7 15. Qd2 Bc6 16. Nb5 axb5 17. cxb5 d5 18. bxc6 Rxa2 19. Nd4 bxc6 20. Nxc6 Qb7 21. Nxe7+ Nxe7 22. Rc2 Nd7 23. Rb1 Rc8 24. Rxc8+ Nxc8 25. Qc3 Nd6 26. b4 Nb5 27. Qb3 Ra3 28. Qb2 h6 29. Bd4 f6 30. Ra1 Rxa1+ 31. Qxa1 Qc6 32. Be3 Nc3 33. Qb2 Qc4 34. Bf1 Kf7 35. Ba7 d4 36. e3 d3 37. Bd4 Nd5 38. b5 e5 39. Ba7 Qc2 40. Qa1 d2 0-1

[Event "EU-ch U18"]
[Site "Bratislava"]
[Date "2019.08.03"]
[Round "2"]
[White "Veleshnja, Zino"]
[Black "Baranciuc, Alexandr"]
[Result "0-1"]
[WhiteElo "2183"]
[BlackElo "1901"]
[PlyCount "120"]
[EventDate "2019.08.02"]
[EventType "swiss"]
[EventRounds "9"]
[EventCountry "SVK"]
[SourceTitle "CBM 191 Extra"]
[Source "ChessBase"]
[SourceDate "2019.09.30"]
[SourceVersion "1"]
[SourceVersionDate "2019.09.30"]
[SourceQuality "1"]

1. d4 Nf6 2. c4 c5 3. d5 e6 4. Nc3 exd5 5. cxd5 d6 6. g3 g6 7. Bg2 Bg7 8. Nf3 0-0 9. 0-0 Na6 10. Bf4 Nc7 11. a4 Rb8 12. Nd2 Nh5 13. Be3 a6 14. a5 b5 15. axb6 Rxb6 16. Nc4 Rb4 17. Ra4 Rxa4 18. Qxa4 Bd7 19. Qa2 Bb5 20. Bf3 Nf6 21. Bf4 Bxc4 22. Qxc4 Qd7 23. Qa4 Qe7 24. Qc6 Rd8 25. Na4 Nfe8 26. Rd1 g5 27. Bd2 Rb8 28. Ba5 Nb5 29. e3 Qb7 30. Nb6 Bxb2 31. Rb1 Bc3 32. Nd7 Bxa5 33. Nxb8 Qxb8 34. Ra1 Bc3 35. Rxa6 Nbc7 36. Rb6 Qd8 37. Rb7 Bf6 38. Bd1 Kf8 39. Bc2 h5 40. Bf5 g4 41. e4 Bd4 42. Qb6 Qg5 43. Rb8 Kg7 44. Qb1 Qd2 45. Qf1 c4 46. Rb1 Bc5 47. Rd1 Qa2 48. Ra1 Qb3 49. Qc1 f6 50. Qf4 Nb5 51. h3 Nd4 52. Bxg4 hxg4 53. Qxg4+ Kf8 54. Ra8 Qb7 55. Rd8 Ke7 56. Rc8 Qd7 57. e5 Qxg4 58. hxg4 c3 59. exd6+ Bxd6 60. Rxc3 Ne2+ 0-1

[Event "Pristina op"]
[Site "Pristina"]
[Date "2019.07.03"]
[Round "8"]
[White "Saraci, Korab"]
[Black "Veleshnja, Zino"]
[Result "1/2-1/2"]
[WhiteElo "2003"]
[BlackElo "2131"]
[PlyCount "123"]
[EventDate "2019.06.28"]
[EventType "swiss"]
[EventRounds "9"]
[EventCountry "KOS"]
[SourceTitle "CBM 191 Extra"]
[Source "ChessBase"]
[SourceDate "2019.09.30"]
[SourceVersion "1"]
[SourceVersionDate "2019.09.30"]
[SourceQuality "1"]

1. e4 c5 2. c3 Nf6 3. e5 Nd5 4. Nf3 Nc6 5. d4 cxd4 6. cxd4 d6 7. Bc4 Nb6 8. Bb5 Bd7 9. exd6 e6 10. 0-0 Bxd6 11. Nc3 Nb4 12. Be2 Bc6 13. a3 N4d5 14. Bg5 f6 15. Bh4 0-0 16. Ne4 Nf4 17. Nxd6 Qxd6 18. Bg3 Nxe2+ 19. Qxe2 Qd7 20. Rfe1 Rfe8 21. Rad1 Rac8 22. Rc1 Bb5 23. Qe4 Nc4 24. Rc2 Nd6 25. Bxd6 Rxc2 26. Qxc2 Qxd6 27. Rc1 Bc6 28. Qc3 Rd8 29. h3 Qf4 30. Qe3 Qd6 31. Qc3 a6 32. Qe3 Rd7 33. Nd2 Qd5 34. Nf3 Qf5 35. Re1 Bxf3 36. Qxf3 Qxf3 37. gxf3 Kf7 38. Rc1 Ke7 39. Rc4 g5 40. Kf1 Kd6 41. a4 b6 42. Ke2 Rc7 43. Rb4 Rc6 44. Kd3 Kd5 45. b3 f5 46. Ke3 Rc3+ 47. Ke2 Kc6 48. Rc4+ Rxc4 49. bxc4 b5 50. axb5+ axb5 51. cxb5+ Kxb5 52. Kd3 Kc6 53. Ke3 Kd5 54. Kd3 h5 55. f4 gxf4 56. f3 Kd6 57. h4 Kd5 58. Kc3 e5 59. dxe5 Kxe5 60. Kc4 Ke6 61. Kc5 Ke5 62. Kc4 1/2-1/2